The Simpsons Guest Stars - Sudden Death - Statistics

General Stats
  • This quiz has been taken 634 times
    111 since last reset
  • The average score is 5 of 27
Answers on the Grid
Answers color-coded by a green-red scale on the quiz's grid according to % correct below.
Adam West
Albert Brooks
Anthony Hopkins
Barry White
Betty White
Bob Dylan
Bruce Springsteen
Bruce Willis
Christopher Walken
Cristiano Ronaldo
Clint Eastwood
Conan O’Brien
Danny DeVito
David Beckham
Don King
Don Rickles
Dustin Hoffman
George Carlin
George Lucas
Jack Lemmon
Jennifer Aniston
Jim Carrey
Joe Mantegna
Johnny Cash
Kenny Rogers
Kelsey Grammer
Leonard Nimoy
Lionel Messi
Lisa Kudrow
Lucy Lawless
Mark Hamill
Mel Brooks
Meryl Streep
Michael Jackson
Michael Jordan
Michelle Obama
Michelle Pfeiffer
Nelson Mandela
Patrick Stewart
Patrick Swayze
Phil Hartman
Quentin Tarantino
Richard Nixon
Robert Goulet
Rodney Dangerfield
Sean Connery
Sheryl Crow
Stan Lee
Sylvester Stallone
Tito Puente
Tom Cruise
 
Answer Stats
Answer % Correct
Adam West
61%
Barry White
35%
Betty White
35%
Albert Brooks
31%
Danny DeVito
31%
Conan O’Brien
27%
Mark Hamill
24%
Michael Jackson
24%
Kelsey Grammer
23%
Meryl Streep
21%
Leonard Nimoy
19%
Lisa Kudrow
19%
Phil Hartman
16%
Dustin Hoffman
15%
Joe Mantegna
15%
Stan Lee
15%
Michelle Pfeiffer
13%
Lucy Lawless
11%
Cristiano Ronaldo
10%
Johnny Cash
10%
Rodney Dangerfield
10%
Mel Brooks
8%
Patrick Stewart
8%
Tito Puente
8%
George Carlin
6%
Robert Goulet
5%
Jack Lemmon
3%
No matching quizzes found
Score Distribution
Percent of People with Each Score
Percentile by Number Answered
Your Score History
You have not taken this quiz since the last reset